|
|
|
|
| LEADER |
00000nam0a2200000 4500 |
| 001 |
300432 |
| 005 |
20231102001312.0 |
| 020 |
|
|
|a RU
|b 82-93131
|
| 035 |
|
|
|a (RuTPU)RU\TPU\book\325585
|
| 090 |
|
|
|a 300432
|
| 100 |
|
|
|a 20150710d1982 km y0rusy5003 ca
|
| 101 |
0 |
|
|a rus
|
| 102 |
|
|
|a UA
|
| 105 |
|
|
|a y z 001zy
|
| 200 |
1 |
|
|a Сбалансированность производства и потребления средств производства
|f М. К. Михно
|g Академия наук Украинской ССР (АН УССР), Институт экономики (ИЭ)
|
| 210 |
|
|
|a Киев
|c Наукова думка
|d 1982
|
| 215 |
|
|
|a 239 с.
|
| 320 |
|
|
|a Библиогр.: с. 234-236
|
| 320 |
|
|
|a Предм. указ.: с. 237
|
| 606 |
1 |
|
|a Балансы материальные
|2 stltpush
|3 (RuTPU)RU\TPU\subj\35889
|9 57448
|
| 610 |
1 |
|
|a баланс народного хозяйства
|
| 610 |
1 |
|
|a средства производства
|
| 610 |
1 |
|
|a потребление при социализме
|
| 610 |
1 |
|
|a системный анализ
|
| 610 |
1 |
|
|a планирование
|
| 610 |
1 |
|
|a продукция
|
| 610 |
1 |
|
|a сбалансированность
|
| 610 |
1 |
|
|a реализация
|
| 686 |
|
|
|a У9(2)0-96
|2 rubbk
|
| 700 |
|
1 |
|a Михно
|b М. К.
|g Михаил Корнеевич
|4 070
|
| 712 |
0 |
2 |
|a Академия наук Украинской ССР (АН УССР)
|b Институт экономики (ИЭ)
|2 stltpush
|3 (RuTPU)RU\TPU\col\11343
|
| 801 |
|
0 |
|a RU
|b RuMRKP
|c 19950704
|g psbo
|
| 801 |
|
1 |
|a RU
|b 63413507
|c 20150710
|
| 801 |
|
2 |
|a RU
|b 63413507
|c 20190205
|g RCR
|
| 942 |
|
|
|c BK
|